65_読みが6文字の市区町村(ひらがな対応・五十音順) - Statistics

General Stats
  • This quiz has been taken 87 times
    21 since last reset
  • The average score is 64 of 75
Answer Stats
文字
種類 都道府県名 市区町村名 % Correct
6 茨城県 かすみがうら市
100%
6 京都府 京丹後市
100%
6 京都府 京丹波町
100%
6 茨城県 つくばみらい市
100%
6 福島県 会津坂下町
95%
6 福島県 会津美里町
95%
6 大阪府 泉大津市
95%
6 奈良県 上北山村
95%
6 北海道 北広島市
95%
6 広島県 北広島町
95%
6 京都府 京田辺市
95%
6 鳥取県 境港市
95%
6 兵庫県 新温泉町
95%
6 和歌山県 那智勝浦町
95%
6 北海道 西興部村
95%
6 香川県 東かがわ市
95%
6 東京都 東久留米市
95%
6 長崎県 東彼杵町
95%
6 大分県 豊後高田市
95%
6 新潟県 粟島浦村
89%
6 京都府 大山崎町
89%
6 岐阜県 各務原市
89%
6 熊本県 上天草市
89%
6 沖縄県 北大東村
89%
6 千葉県 九十九里町
89%
6 愛媛県 久万高原町
89%
6 青森県 五所川原市
89%
6 奈良県 下北山村
89%
6 北海道 新十津川町
89%
6 栃木県 那須塩原市
89%
6 岡山県 西粟倉村
89%
6 滋賀県 東近江市
89%
6 北海道 東神楽町
89%
6 埼玉県 東秩父村
89%
6 東京都 東大和市
89%
6 奈良県 東吉野村
89%
6 茨城県 常陸太田市
89%
6 大分県 豊後大野市
89%
6 兵庫県 南あわじ市
89%
6 鹿児島県 南さつま市
89%
6 福島県 南相馬市
89%
6 奈良県 大和高田市
89%
6 福岡県 大野城市
84%
6 北海道 音威子府村
84%
6 大阪府 河内長野市
84%
6 茨城県 北茨城市
84%
6 福島県 北塩原村
84%
6 香川県 小豆島町
84%
6 大阪府 富田林市
84%
6 鹿児島県 西之表市
84%
6 岩手県 八幡平市
84%
6 秋田県 八郎潟町
84%
6 福島県 南会津町
84%
6 北海道 南富良野町
84%
6 北海道 中頓別町
79%
6 群馬県 中之条町
79%
6 北海道 浜頓別町
79%
6 鹿児島県 東串良町
79%
6 青森県 東通村
79%
6 徳島県 東みよし町
79%
6 長野県 南相木村
79%
6 千葉県 四街道市
79%
6 茨城県 龍ケ崎市
79%
6 北海道 長万部町
74%
6 愛知県 尾張旭市
74%
6 北海道 黒松内町
74%
6 秋田県 東成瀬村
74%
6 宮城県 七ヶ宿町
68%
6 熊本県 南小国町
68%
6 北海道 上砂川町
63%
6 千葉県 東庄町
63%
6 北海道 中札内村
63%
6 長野県 南箕輪村
63%
6 北海道 初山別村
53%
6 長野県 木島平村
47%
No matching quizzes found
Score Distribution
Percent of People with Each Score
Percentile by Number Answered
Your Score History
You have not taken this quiz since the last reset